000 02198nam a2200313Ia 4500
001 G7261
003 IT-RoPAU
008 130308s9999 xx 000 0 und d
040 _aIT-RoPAU
040 _cIT-RoPAU
041 _aITALIANO
100 _aPivato Stefano
100 _gCodice Aut. SPICS: 55586
245 _aItalia vagabonda: il tempo libero degli italiani dal melodramma alla pay-tv
245 _bItalia Vagabonda: Il Tempo libero degli Italiani dal melodramma Alla Pay-Tv
250 _a2a ed.
260 _aROMA
260 _bCarocci
260 _c2001 [1° Ed.:2001 - Ed.Ling.Originale:2001]
300 _a"218 p. (prefazione: no ; testo: 218 [pagine: 0-0])"
500 _a"Il Tempo libero Ha Acquisito Oggi Uno Spazio e un rilievo Tali da Farlo Apparire Come Uno dei Fenomeni Piu' Caratteristici e Coinvolgenti della Società di Massa. Il Libro Ripercorre gli Aspetti significativi della Storia del Tempo libero in Italia Dall'Ottocento Ai Nostri Giorni: Dai Giochi Tradizionali Allo Sport, Dalla Musica al Ballo, Dalla Scoperta della vacanza al Cinema, Dai piaceri della tavola Ai Giochi Virtuali. Un Affresco di Storia del costume e della Mentalità per Cogliere le Trasformazioni della Societa'Italiana nel Corso di Oltre un Secolo. Ottocento: Gioco del Pallone a Bracciale, Melodramma, Italia in Maschera. Casino, Osteria e Caffe'. La belle Epoque: Tempo libero e Tempo dell'Industria; Il Mare; Bicicletta e Giro D'Italia; Dinamismo e Sportismo; sala da Ballo. Uso Politico del Tempo Libero: Politica e Sport; Fascismo e Tempo Libero; sport e Fascismo; Nazionalizzazione del Tempo Libero; Oratorio; Vacanza. Secondo Dopoguerra: Cinema di Massa; Arriva Mamma Tv; tra Flipper, Juke Box e Fotoromanzi; Evasione e Contestazione; Canzone; Coppi, Bartali e Berlusconi. Oggi: Svago e Benessere; telenovela e Fiction contro Il Cinema; Italia in Musica; Era del Gioco Tecnologico; Cibo; Onomastica del Tempo Libero. Postfazione: Tempo Storico e Tempo Libero."
650 _aSOCIOLOGIA DELLA COMUNICAZIONE SOCIALE
650 _eCodice materia Spics: 3806
700 _aTonelli Anna
700 _gCodice Aut. SPICS: 55587
942 _cBK
957 _71
999 _c89442
_d89442
999 _g1